MARC

LEADER 00000nam0a2200000 4500
001 334269
005 20231102004634.0
035 |a (RuTPU)RU\TPU\book\360308 
090 |a 334269 
100 |a 20170718d1962 km y0gery50 ba 
101 0 |a ger 
102 |a DE 
105 |a a z 001zy 
200 1 |a Radioaktive Isotope in der Betriebsmesstechnik  |f H. Hart 
205 |a 2., überarbeitete und ergänzte Auflage 
210 |a Berlin  |c Veb Verlag Technik  |d 1962 
215 |a 560 s.  |c il. 
320 |a Literatur: s. 514-532 
320 |a Sachverzeichnis: s. 541-560 
606 1 |a Контрольно-измерительная техника  |2 stltpush  |3 (RuTPU)RU\TPU\subj\15518  |9 41753 
606 1 |a Измерительная техника в электронике  |2 stltpush  |3 (RuTPU)RU\TPU\subj\12268  |9 39081 
606 1 |a Радиоактивные изотопы  |x Применение в технике  |2 stltpush  |3 (RuTPU)RU\TPU\subj\22378  |9 47149 
610 1 |a изотопы 
610 1 |a распад 
610 1 |a ядро 
610 1 |a ядерная физика 
610 1 |a атом 
610 1 |a радиоактивность 
610 1 |a радиоактивные излучения 
610 1 |a измерительная техника 
610 1 |a измерения 
610 1 |a химические элементы 
610 1 |a элементарные частицы 
610 1 |a электрические разряды 
610 1 |a детекторы ионизирующих излучений 
610 1 |a источники 
610 1 |a ядерные реакторы 
610 1 |a радионуклиды 
610 1 |a излучатели 
610 1 |a методы 
610 1 |a принципы 
610 1 |a приборы 
610 1 |a чувствительность 
610 1 |a погрешности 
610 1 |a аппараты 
610 1 |a устройства 
610 1 |a описание 
610 1 |a системы управления 
610 1 |a безопасность 
610 1 |a охрана труда 
610 1 |a немецкий язык 
675 |a 681.2.08  |v 4 
675 |a 621.38.08  |v 4 
675 |a 621.039.8  |v 4 
700 1 |a Hart  |b H.  |g Hans 
801 1 |a RU  |b 63413507  |c 20170718 
801 2 |a RU  |b 63413507  |c 20201207  |g RCR 
942 |c BK